• 首页
  • 本馆介绍
  • 公告通知
  • 最新文献
  • 馆藏检索
  • 电子资源
  • 读者导购
  • 参考咨询
  • 我的图书馆
  • 登录
  • 详细信息显示
  • 放入我的书架
  • 预约/预借图书
  • 作者相关作品
  • 分类相关作品
  • 丛书相关作品
  • 出版社相关作品

书目信息

  • 表格格式
  • 工作单格式
  • 卡片格式
题名:
意大利语入门
    
 
作者: 沈萼梅 编
分册:  
出版信息: 北京   外语教学与研究出版社  1986
页数: 187页
开本: 20cm
丛书名:
单 册:
中图分类: H772
科图分类:
主题词: 意大利语
电子资源:
ISBN: 7-5600-0635-3
000 00615nam0 2200229 45
001 0186016205
005 20070717160148.85
010    @a7-5600-0635-3@dCNY8.90
100    @a19900813d1986 km y0chiy0121 ea
101 2  @achi@aita
102    @aCN@b110000
102    @aCN@b110000
105    @ay z 000yy
200 10 @a意大利语入门@Ayi da li yu ru men@f沈萼梅编@zita
210    @a北京@c外语教学与研究出版社@d1986@h2004
215    @a187页@d20cm
606    @a意大利语
690    @aH772@v3
701  0 @a沈萼梅@Ashen e mei@4编
801  0 @aCN@bTSSF@c20070717
801  2 @aCN@bNLC@c20070714
905    @a10447@dH772@e9
    
    意大利语入门/沈萼梅编.-北京:外语教学与研究出版社,1986(2004)
    187页;20cm
    
    
    ISBN 7-5600-0635-3:CNY8.90
    
●
相关链接 在E读中查询图书 在五车中查询图书 在当当中查询图书 在豆瓣中查询图书


正题名:意大利语入门     索取号:H772/9         预约/预借

序号 登录号 条形码 馆藏地/架位号 状态 备注
1 0775483   207754839   密集书库/ [索取号:H772/9] 在馆    
2 0779264   207792646   第二样本阅览室/ [索取号:H772/9] 在馆    
唐山师范学院图书馆 欢迎您!
大连网信软件有限公司© 版权所有